Largest Countries and Empires by GDP (Middle Ages) - Statistics

General Stats
  • This quiz has been taken 231 times
    83 since last reset
  • The average score is 21 of 45
Answer Stats
Hint Answer % Correct
1 Ming China East Asia
96%
1 Song China East Asia
94%
3 Song China East Asia
94%
6 Ashikaga Japan East Asia
92%
9 Japan East Asia
92%
7 Kamakura Japan East Asia
92%
7 Kingdom of France Western Europe
92%
6 Kingdom of France Western Europe
92%
2 Kingdom of France Western Europe
92%
14 Kingdom of England Western Europe
83%
11 Kingdom of England Western Europe
83%
9 Ottoman Empire West Asia
82%
4 Byzantine Empire Eastern Europe
78%
15 Goryeo East Asia
76%
14 Joseon dynasty East Asia
76%
1 Mongol Empire East Asia
75%
6 Holy Roman Empire Central Europe
74%
4 Holy Roman Empire Central Europe
74%
10 Mamluk Sultanate North Africa
61%
12 Mamluk Sultanate North Africa
61%
15 Archduchy of Austria Central Europe
54%
13 Castile Southern Europe
46%
8 Castile Southern Europe
46%
12 Caliphate of Cordoba Southern Europe
35%
10 Kingdom of Naples Southern Europe
35%
8 Fatimid Caliphate North Africa
28%
2 Delhi Sultanate South Asia
25%
3 Delhi Sultanate South Asia
25%
11 Kingdom of Sicily Southern Europe
25%
5 Bengal Sultanate South Asia
21%
7 Timurid Empire West Asia
15%
5 Chola Empire South Asia
14%
8 Chola Empire South Asia
14%
4 Vijayanagara Empire South Asia
11%
2 Liao dynasty East Asia
7%
11 Pala Empire South Asia
4%
13 Gujarat Sultanate South Asia
3%
10 Gurjara Pratihara dynasty South Asia
3%
9 Pandya dynasty South Asia
1%
3 Western Chalukya Empire South Asia
1%
13 Buyid Dynasty West Asia
0%
15 Chauhan dynasty West Asia
0%
12 Hoysala Empire South Asia
0%
14 Toltec Empire Central America
0%
5 Yadava dynasty South Asia
0%
No matching quizzes found
Score Distribution
Percent of People with Each Score
Percentile by Number Answered
Your Score History
You have not taken this quiz since the last reset